000 00579nam a2200193 i 4500
001 23472
003 ES-MaACL
005 20240530131146.0
007 t|
008 021210s1980 sp ||||1| spa d
100 1 _aÁlvarez Lencero, Luis,
_d1923-1983
_9138667
245 1 0 _aAntología poética /
_cLuis Alvarez Lencero.
260 _a[Badajoz] :
_bUniversitas,
_c[1980]
300 _a194 p. ;
_c19 cm.
490 1 _aColección Autores extremeños
830 0 0 _aAutores extremeños
_9236751
852 _aES-MaACL
_jL-4026
_bR.104982
999 _c23472
_d23472